Μικρές ιχνηλατήσεις στο μικρό έργο της Μαρούλα Κλιάφα για παιδιά
Αποθηκεύτηκε σε:
| Κύριος συγγραφέας: | |
|---|---|
| Μορφή: | Ηλεκτρονική πηγή |
| Γλώσσα: | Greek |
| Δημοσίευση: |
Λάρισα :
Αυτοέκδοση,
2016.
|
| Θέματα: | |
| Ετικέτες: |
Προσθήκη ετικέτας
Δεν υπάρχουν, Καταχωρήστε ετικέτα πρώτοι!
|
MARC
| LEADER | 00000cmm a2200000 a 4500 | ||
|---|---|---|---|
| 001 | 1/114492 | ||
| 008 | 170717s2016####gr | | | gre|| | ||
| 020 | |a 9789609384001 | ||
| 024 | 8 | |a CDR UG80 JJQK | |
| 040 | |a GR-MyUa |b gre |c GR-MyUa |e AACR2 | ||
| 041 | 0 | |a gre | |
| 082 | 7 | |a 889.9 |2 (23) | |
| 100 | 1 | |a Μακατού, Κρυσταλλία, |d 1980- | |
| 245 | 1 | 0 | |a Μικρές ιχνηλατήσεις |h [αρχείο Η/Υ] : |b στο μικρό έργο της Μαρούλα Κλιάφα για παιδιά / |c Κρυσταλλία Μακατού. |
| 260 | |a Λάρισα : |b Αυτοέκδοση, |c 2016. | ||
| 300 | |a 1 οπτική δισκέτα λέιζερ Η/Υ ; |b έγχρ. ; |c 4 3/4 ίν. | ||
| 500 | |a e-book | ||
| 650 | 0 | |a Children's literature |x Book reviews. | |
| 650 | 0 | |a Children's literature, Greek (Modern) | |
| 852 | |a INST |b RHODES |c AV |e 20180313 |h 889.9 ΜΑΚ |p 005400039482 |q 005400039482 |t CDROM |y 23 | ||
| 970 | |a Κωτάκου |b Μαρία |z 17-07-2017 | ||